000 00361nam a2200145Ia 4500
008 231129s2002||||xx |||||||||||||| ||spa||
020 _a970-643-055-5
040 _bspa
082 _a793.73 M248a
100 _aMaley Allan
245 0 _aAcertijos enigmáticos
260 _c2002
264 _aSelector
942 _2ddc
_cBKS
999 _c4492
_d4492